| 000 | 00755nam a2200217Ia 4500 | ||
|---|---|---|---|
| 001 | 16027 | ||
| 003 | GE_BSU | ||
| 008 | 181216s||||||||xx |||||||||||||| ||und|| | ||
| 040 | _cGE_BSU | ||
| 080 | _a821.353.1-32 | ||
| 100 | _aჯიჯეიშვილი, ფაცია | ||
| 245 | _aმოთხრობები | ||
| 245 | _cრედ.ბ.ჟღენტი.. მხ.ე.ბოლქვაძე | ||
| 260 | _aთბილისი | ||
| 260 | _bსაბჭ. საქართველო | ||
| 260 | _c1966 | ||
| 300 | _a153გვ. ; 20სმ. | ||
| 653 | _aმოთხრობები | ||
| 653 | _aორი გზა; ირმა და ირემი; ჟუჟუც დედა იყო [და სხვა] | ||
| 942 | _cBK | ||
| 999 |
_c49118 _d49118 |
||